Matematičeskije metody statističeskoj mechaniky model'nych sistem

Salvato in:
Dettagli Bibliografici
Autore principale: Bogoljubov, Nikolaj Nikolajevič
Altri autori: Sadovnikov, Boris Iosifovič, Šumovskij, Aleksandr Stanislavovič
Natura: Libro
Lingua:russo
Pubblicazione: Moskva Nauka 1989
Edizione:1. izd.
Tags: Aggiungi Tag
Nessun Tag, puoi essere il primo ad aggiungerne!!

MARC

LEADER 00000nam a2200000 4500
001 c031081
005 20221215135546.1
041 0 |a rus 
044 |a RU 
245 1 0 |a Matematičeskije metody statističeskoj mechaniky model'nych sistem  |c Nikolaj Nikolajevič Bogoljubov, Boris Iosifovič Sadovnikov, Aleksandr Stanislavovič Šumovskij 
250 |a 1. izd. 
264 1 |a Moskva  |b Nauka  |c 1989 
300 |a 294 s. 
100 1 |a Bogoljubov, Nikolaj Nikolajevič 
700 1 |a Sadovnikov, Boris Iosifovič 
700 1 |a Šumovskij, Aleksandr Stanislavovič